Piccolo mondo moderno (Record no. 64377)

MARC details
000 -LEADER
campo de control de longitud fija 00522nam a2200181 i 4500
001 - NÚMERO DE CONTROL
campo de control 64377
003 - IDENTIFICADOR DE NÚMERO DE CONTROL
campo de control ES-MaACL
005 - FECHA Y HORA DE LA ÚLTIMA TRANSACCIÓN
campo de control 20251011063110.0
007 - CAMPO FIJO DE DESCRIPCIÓN FÍSICA--INFORMACIÓN GENERAL
campo de control de longitud fija t|
008 - DATOS DE LONGITUD FIJA--INFORMACIÓN GENERAL
campo de control de longitud fija 031223s1901 it ||||1| ita d
080 ## - NÚMERO DE LA CLASIFICACIÓN DECIMAL UNIVERSAL
Número de la Clasificación Decimal Universal 821.131.1-31"18"
100 1# - ENTRADA PRINCIPAL--NOMBRE DE PERSONA
Nombre de persona Fogazzaro, Antonio,
Fechas asociadas al nombre 1842-1911
9 (RLIN) 51409
245 10 - MENCIÓN DEL TÍTULO
Título Piccolo mondo moderno
Resto del título : romanzo /
Mención de responsabilidad, etc. Antonio Fogazzaro.
260 ## - PUBLICACIÓN, DISTRIBUCIÓN, ETC.
Lugar de publicación, distribución, etc. Milano :
Nombre del editor, distribuidor, etc. [s.n.],
Fecha de publicación, distribución, etc. 1901 (
Fabricante Tip. A. Lombardi)
300 ## - DESCRIPCIÓN FÍSICA
Extensión 461 p. ;
Dimensiones 19 cm.
852 ## - LOCALIZACIÓN
Ubicación ES-MaACL
Número de control de estantería F-10304
Holdings
Estatus retirado Estado de pérdida Estado de daño No para préstamo Biblioteca de origen Biblioteca actual Ubicación en estantería Fecha de adquisición Fuente de adquisición Total de préstamos Signatura topográfica completa Código de barras Visto por última vez Precio de reemplazo Tipo de ítem Koha
        Biblioteca del Ateneo de Madrid Biblioteca del Ateneo de Madrid Sala Pecera Planta 2 17/01/2008     F-10304 1067460 23/02/2023 23/02/2023 Libro impreso antiguo